000 01335nam a22002417a 4500
003 OSt
005 20181203080945.0
008 180307b xxu||||| |||| 00| 0 spa d
040 _cPJ
100 _995
_aMorello, Augusto Mario
245 1 4 _aProblemas actuales en la compraventa inmobiliaria /
_cAugusto M. Morello.
260 _aBuenos Aires :
_bLep,
_c1978.
300 _a278 p.
_c20 cm.
490 _aSerie de Ensayos Jurídicos
_xxxx
500 _aNotas y citas a pie de página.
505 _aContenido: El ser del boleto y la nueva interpretación -- Aspectos de oferta de venta -- Obligación de escriturar y deberes secundarios de conducta -- Matices de mora y plazo -- Pacto comisorio implícito en la jurisprudencia -- Cláusula de arrepentimiento -- Teoría de la imprevisión -- Reajuste del precio aún mediando mora del acreedor (vendedor) -- Daños y perjuicios por imposibilidad de escriturar. Transferencia del boleto -- Subasta y compraventa -- Carencia de legitimación por no registración del boleto en la ley de prehorizontalidad N° 19724.
650 0 _9352
_aDERECHO CIVIL
650 0 _91821
_aDERECHOS REALES
650 0 _92274
_aBIENES INMUEBLES
650 0 _92239
_aCOMPRAVENTA INMOBILIARIA
650 0 _93413
_aBOLETO DE COMPRAVENTA
942 _2udc
_cLIB
_h347.235:347.451
_iMOR
999 _c1522
_d1522